[Event "Xtracon Chess Open 2016"]
[Site "Helsingor DEN"]
[Date "2016.07.24"]
[Round "2.92"]
[White "Ukkelberg, Oyvind"]
[Black "Andersen, Morten"]
[Result "0-1"]
[WhiteElo "1956"]
[BlackElo "2173"]
[WhiteFideId "1507893"]
[BlackFideId "1504908"]
[EventDate "2016.07.23"]

1. d4 Nf6 2. Nf3 c5 3. e3 b6 4. b3 g6 5. Bb2 Bg7 6. Bd3 O-O 7. O-O Nc6 8. Nbd2
d6 9. c4 a5 10. d5 Nb4 11. Bb1 e6 12. a3 Na6 13. e4 exd5 14. cxd5 b5 15. Bd3 Bd7
16. Rb1 Nc7 17. Bc2 a4 18. bxa4 bxa4 19. Nc4 Bb5 20. Nfd2 Nd7 21. Re1 Bxb2 22.
Rxb2 Qf6 23. e5 dxe5 24. d6 Bxc4 25. Nxc4 Ne6 26. Bxa4 Qf4 27. Bxd7 Qxc4 28.
Rxe5 Rxa3 29. Bxe6 fxe6 30. Re1 Rd3 31. Rd2 Rxd2 32. Qxd2 Rd8 33. g3 Qd5 34.
Qxd5 exd5 35. Rc1 c4 36. f4 Rxd6 37. Kf2 Kf7 38. Ke3 d4+ 39. Kd2 Rc6 40. Ra1 Ke6
41. Ra5 c3+ 42. Kc1 Kd6 43. h4 d3 44. g4 c2 45. Ra1 Kd5 0-1

[Event "Xtracon Chess Open 2016"]
[Site "Helsingor DEN"]
[Date "2016.07.24"]
[Round "2.93"]
[White "Goldie, Thomas"]
[Black "Rogacewicz, Mikolaj"]
[Result "1-0"]
[WhiteElo "2171"]
[BlackElo "1551"]
[WhiteFideId "2054485"]
[BlackFideId "21842981"]
[EventDate "2016.07.23"]

1. d4 Nf6 2. Nc3 e6 3. e4 d5 4. Bg5 Be7 5. e5 Nfd7 6. Bxe7 Qxe7 7. f4 a6 8. Nf3
c5 9. g3 Nc6 10. Qd2 f6 11. exf6 Nxf6 12. Bg2 O-O 13. O-O b5 14. Rfe1 b4 15. Na4
Ne4 16. Qe3 cxd4 17. Nxd4 Nxd4 18. Qxd4 Bb7 19. Bxe4 dxe4 20. Qc5 Qe8 21. Qxb4
Rb8 22. Nc5 Ba8 23. Qc3 Qg6 24. Qe5 Rbe8 25. Qg5 Qf7 26. Rad1 Bc6 27. b4 Qc7 28.
Qe5 Qxe5 29. fxe5 Rf5 30. Nxe4 Rxe5 31. Nc5 Rxe1+ 32. Rxe1 Bd5 33. a3 Bc4 34.
Re4 Bd5 35. Rd4 Rf8 36. c4 Ba8 37. Nxe6 Rc8 38. Rd7 1-0

[Event "Xtracon Chess Open 2016"]
[Site "Helsingor DEN"]
[Date "2016.07.24"]
[Round "2.94"]
[White "Hjornevik, Knut J"]
[Black "Christiansen, Jens Jorgen"]
[Result "0-1"]
[WhiteElo "1945"]
[BlackElo "2170"]
[WhiteFideId "1505157"]
[BlackFideId "1401670"]
[EventDate "2016.07.23"]

1. e4 d6 2. d4 Nf6 3. Nc3 g6 4. f4 Bg7 5. Nf3 O-O 6. Bd3 c5 7. dxc5 dxc5 8. e5
Ng4 9. Ne4 Bf5 10. Qe2 Nc6 11. c3 Qd5 12. h3 Nh6 13. g4 c4 14. Bc2 Be6 15. Neg5
Rad8 16. Nxe6 Qxe6 17. Ng5 Qd5 18. Be4 Qb5 19. Bg2 Rd3 20. Be3 Rfd8 21. Be4 R3d7
22. O-O e6 23. b4 Ne7 24. Bc2 Nd5 25. Bd4 Nxb4 26. Rab1 Rxd4 27. Rxb4 Qc5 28.
Qf2 Bf8 29. Ne4 Rxe4 30. Bxe4 Rd2 31. Qxc5 Bxc5+ 32. Kh1 Bxb4 33. cxb4 Rxa2 34.
Bxb7 Rb2 35. Rc1 Rxb4 36. Ba6 Rb3 37. Rxc4 Rxh3+ 38. Kg2 Ra3 39. Rc8+ Kg7 40.
Be2 a5 41. Ra8 Ra2 42. Kf1 Ra4 43. Kg2 Rxf4 44. Rxa5 Rd4 45. Kg3 Ng8 46. Bf3 Ne7
47. Rc5 g5 48. Ra5 Ng6 49. Bc6 Ne7 50. Bf3 Nd5 51. Rb5 Ne3 52. Rc5 Rc4 53. Rb5
Nf1+ 54. Kg2 Rf4 55. Be2 Nd2 56. Rc5 Rf2+ 57. Kxf2 Ne4+ 58. Ke3 Nxc5 59. Kd4 Nd7
60. Ke4 Nb6 61. Bf3 Nd5 62. Kd4 Nf4 63. Ke4 h5 64. gxh5 Kh6 65. Bg4 Nxh5 66. Ke3
Ng3 67. Kf3 Nf5 68. Ke4 Kg6 69. Kf3 Nh6 70. Bh3 Kh5 71. Bf1 Kh4 0-1

[Event "Xtracon Chess Open 2016"]
[Site "Helsingor DEN"]
[Date "2016.07.24"]
[Round "2.95"]
[White "Smeby, Ole"]
[Black "Skjoldager, Per"]
[Result "1/2-1/2"]
[WhiteElo "1847"]
[BlackElo "2160"]
[WhiteFideId "1503677"]
[BlackFideId "1408828"]
[EventDate "2016.07.23"]

1. d4 Nf6 2. Nf3 e6 3. c4 b6 4. e3 Bb7 5. Bd3 d5 6. O-O Nbd7 7. cxd5 exd5 8. Nc3
Be7 9. Re1 O-O 10. e4 dxe4 11. Nxe4 Nxe4 12. Bxe4 Bxe4 13. Rxe4 Nf6 14. Re2 Nd5
15. Qd3 Qd6 16. Bd2 Rad8 17. Rae1 Bf6 18. Ne5 Bxe5 19. dxe5 Qe6 20. Qc2 Rd7 21.
h3 h5 22. a3 Ne7 23. Qe4 c5 24. Bc3 Rfd8 25. Qh4 g6 26. Qf6 Rd1 27. Kh2 Rxe1 28.
Rxe1 Nc6 29. Re3 Re8 30. Qxe6 Rxe6 31. Kg3 Re8 32. Kf4 Nd8 33. Rd3 Ne6+ 34. Ke3
Kf8 35. Rd7 Re7 36. Rxe7 Kxe7 37. f4 Nc7 38. Ke4 Ke6 39. g4 hxg4 40. hxg4 a6 1/2-1/2

[Event "Xtracon Chess Open 2016"]
[Site "Helsingor DEN"]
[Date "2016.07.24"]
[Round "2.98"]
[White "Risting, Eivind Olav"]
[Black "Rasmussen, Henning2"]
[Result "1-0"]
[WhiteTitle "FM"]
[WhiteElo "2376"]
[BlackElo "1779"]
[WhiteFideId "1517333"]
[BlackFideId "1410962"]
[EventDate "2016.07.23"]

1. Nf3 Nf6 2. g3 b6 3. Bg2 Bb7 4. O-O g6 5. b3 Bg7 6. Bb2 O-O 7. c4 c5 8. d4
cxd4 9. Qxd4 d6 10. Nc3 Nc6 11. Qd2 a6 12. Rac1 Nd7 13. e4 Nce5 14. Nxe5 Nxe5
15. f4 Nd7 16. Rfd1 b5 17. Nd5 Bxb2 18. Qxb2 Bxd5 19. cxd5 Qb6+ 20. Qf2 Qxf2+
21. Kxf2 Ra7 22. Rc6 Nb8 23. Ke3 Nxc6 24. dxc6 Rc7 25. e5 dxe5 26. fxe5 Rfc8 27.
Rc1 Rd8 28. Bf3 e6 29. g4 h6 30. h4 Kg7 31. g5 h5 32. Rc3 Kf8 33. Rd3 Rcc8 34.
Rc3 Rc7 35. b4 Ke7 36. Ra3 Ra8 37. Kd4 Kd8 38. Kc5 Kc8 39. Ra5 Raa7 40. Kb6 Kb8
41. a4 bxa4 42. Rxa4 Kc8 43. Rxa6 Rxa6+ 44. Kxa6 Kb8 45. b5 1-0

[Event "Xtracon Chess Open 2016"]
[Site "Helsingor DEN"]
[Date "2016.07.24"]
[Round "2.99"]
[White "Calderon, Paul"]
[Black "Fossan, Petter"]
[Result "0-1"]
[BlackTitle "FM"]
[WhiteElo "1828"]
[BlackElo "2303"]
[WhiteFideId "2082160"]
[BlackFideId "1500260"]
[EventDate "2016.07.23"]

1. c4 c6 2. g3 d5 3. b3 Nf6 4. Nf3 Bf5 5. Bb2 e6 6. Bg2 h6 7. O-O Be7 8. d4 O-O
9. Nbd2 a5 10. Re1 a4 11. c5 b6 12. b4 bxc5 13. bxc5 Nbd7 14. Rc1 Qc7 15. e3
Rfb8 16. Ba1 Rb7 17. Bf1 g5 18. Be2 Kg7 19. Nf1 Ne4 20. Bd3 Bg4 21. N1d2 Nxd2
22. Qxd2 Bxf3 23. e4 Nf6 24. e5 Ne4 25. Qe3 g4 26. h4 Qa5 27. Qf4 Bg5 28. hxg5
hxg5 29. Qe3 Rh8 30. Qxf3 gxf3 31. Bxe4 dxe4 32. Bc3 Qb5 33. Rxe4 Qd3 34. Re3
Qh7 35. Rxf3 Qh1# 0-1

[Event "Xtracon Chess Open 2016"]
[Site "Helsingor DEN"]
[Date "2016.07.24"]
[Round "2.100"]
[White "Nielsen, Henrik Wendelbo"]
[Black "Thorsbro, Peter"]
[Result "0-1"]
[WhiteElo "1815"]
[BlackElo "2239"]
[WhiteFideId "1412302"]
[BlackFideId "1406671"]
[EventDate "2016.07.23"]

1. d4 f5 2. g3 g6 3. Bg2 Bg7 4. Nf3 Nf6 5. O-O O-O 6. c3 c6 7. Nbd2 Kh8 8. Qc2
d6 9. e3 Qe8 10. b3 e5 11. dxe5 dxe5 12. Ba3 Rg8 13. Nc4 Ne4 14. Rad1 Nd7 15.
Nd6 Nxd6 16. Bxd6 e4 17. Ne1 Ne5 18. c4 Be6 19. f4 Ng4 20. Qe2 a5 21. h3 Nf6 22.
Nc2 Qf7 23. Nd4 Rgd8 24. Nxe6 Qxe6 25. Be5 Qe7 26. Rxd8+ Rxd8 27. Rd1 Rxd1+ 28.
Qxd1 Qd7 29. Qd4 Qxd4 30. exd4 Nd7 31. Bxg7+ Kxg7 32. Kf2 Kf6 33. h4 h5 34. Ke3
Ke6 35. Bf1 Nf6 36. Be2 Kd6 37. a3 b6 38. a4 Ne8 39. Kd2 Nc7 40. Kc3 Ne6 41. Bd1
b5 42. axb5 cxb5 43. cxb5 Kd5 44. b4 axb4+ 45. Kxb4 Nxd4 46. b6 Kc6 47. Kc4 Ne6
48. b7 Kxb7 49. Kd5 Nc7+ 50. Ke5 Nb5 51. g4 hxg4 52. Bxg4 fxg4 53. Kxe4 Nd6+ 0-1

[Event "Xtracon Chess Open 2016"]
[Site "Helsingor DEN"]
[Date "2016.07.24"]
[Round "2.101"]
[White "Muhsen, Abdulla Mohmmed"]
[Black "Overgaard, Jorgen"]
[Result "1-0"]
[WhiteTitle "CM"]
[WhiteElo "2227"]
[BlackElo "1854"]
[WhiteFideId "4801695"]
[BlackFideId "1444875"]
[EventDate "2016.07.23"]

1. d4 d5 2. c4 e6 3. Nc3 f5 4. cxd5 exd5 5. g3 c6 6. a3 Nf6 7. Nh3 Be7 8. Bg2
O-O 9. O-O Ne4 10. f3 Nxc3 11. bxc3 Nd7 12. Nf2 Nf6 13. a4 Be6 14. Qc2 Rc8 15.
Nd3 g6 16. a5 c5 17. dxc5 Bxc5+ 18. Nxc5 Rxc5 19. Ba3 Qxa5 20. Qb2 Rb5 21. Qd2
Qb6+ 22. Kh1 Rc8 23. e3 Kf7 24. Rfc1 Qc6 25. Qd4 Qb6 26. Qd2 Qc7 27. Bb4 Qc6 28.
Qd4 Qb6 29. Qf4 a5 30. Bd6 g5 31. Qa4 Rc4 32. Qa3 Rb3 33. Qa2 Rbxc3 34. Rxc3
Rxc3 35. Be5 Rxe3 36. Rb1 Qc6 37. Qb2 Nd7 38. Bh8 Ke8 39. Rc1 Nc5 40. Bf1 Qd6
41. Bd4 Nd3 42. Bxd3 Rxd3 43. Qb5+ Bd7 44. Qxd3 b5 45. Bc5 Qe6 46. Qd2 Kf7 47.
Qxa5 Qe2 48. Qc7 1-0

[Event "Xtracon Chess Open 2016"]
[Site "Helsingor DEN"]
[Date "2016.07.24"]
[Round "2.102"]
[White "Rasdal, Yngve"]
[Black "Ivarsson, Torbjorn"]
[Result "1-0"]
[WhiteElo "1794"]
[BlackElo "2180"]
[WhiteFideId "1514504"]
[BlackFideId "1705865"]
[EventDate "2016.07.23"]

1. d4 e6 2. c4 b6 3. Nf3 Bb7 4. e3 f5 5. Nc3 Nf6 6. Be2 g6 7. O-O Bg7 8. b3 O-O
9. Bb2 d6 10. Ng5 Qe7 11. Bf3 c6 12. h4 Nbd7 13. Nb5 h6 14. Nh3 Ne4 15. Bxe4
fxe4 16. Nc3 Nf6 17. Nf4 Qf7 18. Qc2 d5 19. f3 g5 20. hxg5 hxg5 21. Nh3 Qg6 22.
fxe4 dxe4 23. Ba3 Rf7 24. Nf2 c5 25. dxc5 Bf8 26. Nb5 bxc5 27. Rad1 Rh7 28. Nh3
Ng4 29. Qe2 Ne5 30. Nd6 Bc6 31. Bxc5 Nd3 32. Ba3 Rh4 33. c5 Bg7 34. Rf7 Be5 35.
Rdf1 g4 36. Nf4 Nxf4 37. R1xf4 Bxf4 38. Rxf4 Rf8 39. Rxf8+ Kxf8 40. Qf2+ Kg8 41.
Qxh4 g3 42. Bb2 1-0

[Event "Xtracon Chess Open 2016"]
[Site "Helsingor DEN"]
[Date "2016.07.24"]
[Round "2.103"]
[White "Christensen, Lasse"]
[Black "Haugaard, Thomas"]
[Result "1-0"]
[WhiteElo "2162"]
[BlackElo "1672"]
[WhiteFideId "1402056"]
[BlackFideId "1414330"]
[EventDate "2016.07.23"]

1. Nf3 d5 2. g3 Nf6 3. Bg2 e6 4. O-O Be7 5. c4 O-O 6. d4 c6 7. Nc3 Nbd7 8. b3 b6
9. Bb2 Ba6 10. Nd2 Rc8 11. e4 dxe4 12. Ncxe4 Nxe4 13. Nxe4 Nf6 14. Ng5 Qc7 15.
Qc2 h6 16. Nf3 Rfd8 17. Ne5 Bb7 18. c5 Nd5 19. a3 Bf6 20. Ng4 Be7 21. Rfe1 bxc5
22. dxc5 a5 23. Bh3 Bf8 24. Ne5 Qe7 25. Nxf7 1-0

[Event "Xtracon Chess Open 2016"]
[Site "Helsingor DEN"]
[Date "2016.07.24"]
[Round "2.104"]
[White "Vestby-Ellingsen, Mads"]
[Black "Rasmussen, Bjarne Berring"]
[Result "1-0"]
[WhiteElo "2126"]
[BlackElo "1634"]
[WhiteFideId "1520857"]
[BlackFideId "1422375"]
[EventDate "2016.07.23"]

1. e4 c6 2. d4 d5 3. exd5 cxd5 4. c4 Nf6 5. Nc3 e6 6. Nf3 Nc6 7. Bd3 Be7 8. O-O
O-O 9. Re1 b6 10. a3 Bb7 11. cxd5 Nxd5 12. Bc2 Nf6 13. Qd3 g6 14. Bg5 Nd5 15.
Bxe7 Ncxe7 16. Ne4 Nf5 17. Rad1 Rc8 18. Bb3 Nf4 19. Qd2 Bxe4 20. Rxe4 Nd5 21.
Re5 Rc6 22. Bxd5 exd5 23. Rc1 Rxc1+ 24. Qxc1 Re8 25. Qe1 Rxe5 26. Qxe5 Qd7 27.
h3 a5 28. Qb8+ Kg7 29. Qxb6 a4 30. b4 axb3 31. Qxb3 Qc6 32. a4 Qc1+ 33. Kh2 Nxd4
34. Qxd5 Qf4+ 35. Kh1 Nxf3 36. gxf3 Qxa4 37. Qe5+ Kg8 38. Kg2 Qb3 39. Kg3 Qe6
40. Qd4 f6 41. f4 Kg7 42. Qa7+ Qf7 43. Qb6 h5 44. Qe3 Qd7 45. Qf3 Qc7 46. Kg2
Qf7 47. h4 Qd7 48. f5 Qxf5 49. Qxf5 gxf5 50. Kf3 Kf7 51. Kf4 Ke6 52. f3 Ke7 53.
Kxf5 Kf7 54. f4 Ke7 55. Kg6 Ke6 56. Kxh5 Kf5 57. Kh6 Kxf4 58. Kg6 f5 59. h5 Ke4
60. h6 f4 61. h7 f3 62. h8=Q Ke3 63. Qe5+ Kd2 64. Qf4+ Ke2 65. Qe4+ Kf2 66. Kg5
Kg3 67. Qh4+ Kg2 68. Qg4+ Kf2 69. Kf4 1-0

[Event "Xtracon Chess Open 2016"]
[Site "Helsingor DEN"]
[Date "2016.07.24"]
[Round "2.105"]
[White "Chittka, Julius"]
[Black "Brokso, Kim"]
[Result "1-0"]
[WhiteElo "2109"]
[BlackElo "1713"]
[WhiteFideId "12954772"]
[BlackFideId "1441477"]
[EventDate "2016.07.23"]

1. d4 d5 2. c4 c6 3. Nc3 g6 4. Nf3 Bg7 5. Bf4 Nf6 6. e3 O-O 7. h3 Nh5 8. Be5 f5
9. Qb3 e6 10. Be2 Bxe5 11. Nxe5 Nf6 12. O-O Nbd7 13. f4 Nxe5 14. fxe5 Ne4 15.
Nxe4 fxe4 16. Rxf8+ Qxf8 17. Rf1 Qe7 18. Rf6 Rb8 19. h4 Bd7 20. g4 g5 21. hxg5
Qg7 22. g6 hxg6 23. g5 b5 24. Qb4 Re8 25. b3 Rf8 26. Qd6 Rxf6 27. exf6 Qf7 28.
cxb5 cxb5 29. Qb8+ Qe8 30. Qxa7 Kf8 31. Bxb5 Qc8 32. Qxd7 Qc1+ 33. Kf2 1-0

[Event "Xtracon Chess Open 2016"]
[Site "Helsingor DEN"]
[Date "2016.07.24"]
[Round "2.106"]
[White "Andberg, Tor Arne Heim"]
[Black "Dauth, Benjamin"]
[Result "0-1"]
[BlackTitle "FM"]
[WhiteElo "1727"]
[BlackElo "2367"]
[WhiteFideId "1528378"]
[BlackFideId "4688104"]
[EventDate "2016.07.23"]

1. e4 e5 2. Nf3 Nc6 3. Bb5 Bc5 4. O-O Qf6 5. Bxc6 dxc6 6. h3 Ne7 7. c3 Ng6 8. d4
Bb6 9. Bg5 Qd6 10. a4 h6 11. Be3 a5 12. Re1 O-O 13. Nbd2 exd4 14. Bxd4 Nf4 15.
Nf1 Rd8 16. N3d2 Qg6 17. Ng3 Bxd4 18. cxd4 Rxd4 19. Qc2 Be6 20. Nf3 Rb4 21. Qd2
Qf6 22. e5 Nxh3+ 23. Kh2 Qf4 24. Qxf4 Nxf4 25. Re4 Bd5 26. Rxf4 0-1

[Event "Xtracon Chess Open 2016"]
[Site "Helsingor DEN"]
[Date "2016.07.24"]
[Round "2.107"]
[White "Brorsen, Jacob Abildlund"]
[Black "Jarve, Edvin"]
[Result "1-0"]
[WhiteElo "2112"]
[BlackElo "1716"]
[WhiteFideId "1411233"]
[BlackFideId "1519824"]
[EventDate "2016.07.23"]

1. d4 d5 2. c4 c6 3. Nc3 Nf6 4. Nf3 dxc4 5. a4 Bf5 6. e3 e6 7. Bxc4 Bb4 8. O-O
Nbd7 9. Qe2 Bg6 10. Rd1 O-O 11. Ne5 Bh5 12. f3 Nxe5 13. dxe5 Nd5 14. Na2 Be7 15.
e4 Qb6+ 16. Kh1 Nb4 17. Rd7 Bc5 18. Nc3 a5 19. Bg5 h6 20. Bh4 g5 21. Bg3 Rfd8
22. Rad1 Rxd7 23. Rxd7 Rd8 24. Qd1 Be7 25. Ne2 Rxd7 26. Qxd7 Qd8 27. Qxd8+ Bxd8
28. Bf2 Bc7 29. g4 Bg6 30. Bd4 Nc2 31. Bc3 Bb6 32. h3 Kf8 33. Kh2 Ke7 34. Kg3
Kf8 35. h4 Kg7 36. h5 Bh7 37. Nc1 Bd4 38. Bxd4 Nxd4 39. Kf2 b5 40. Bb3 f6 41.
exf6+ Kxf6 42. Ke3 Nxb3 43. Nxb3 bxa4 44. Nxa5 Ke5 45. Nc4+ Kf6 46. Nb6 Bg8 47.
Nxa4 Ke5 48. Nc3 Bf7 49. Ne2 c5 50. Nc1 c4 51. Ne2 Be8 52. f4+ gxf4+ 53. Nxf4
Bc6 54. Ng6+ Kf6 55. Kf4 Be8 56. Ne5 Bb5 57. Nf3 Be8 58. e5+ Ke7 59. Nd2 Bb5 60.
Ne4 Bc6 61. Nd6 Bd5 62. g5 hxg5+ 63. Kxg5 Kf8 64. h6 Kg8 65. Kg6 1-0

[Event "Xtracon Chess Open 2016"]
[Site "Helsingor DEN"]
[Date "2016.07.24"]
[Round "2.108"]
[White "Larsen, Mette Dalsgaard"]
[Black "Nielsen, Thomas Bach2"]
[Result "1/2-1/2"]
[WhiteElo "1715"]
[BlackElo "2103"]
[WhiteFideId "1430718"]
[BlackFideId "1401785"]
[EventDate "2016.07.23"]

1. d4 f5 2. c4 Nf6 3. Nc3 g6 4. Nf3 Bg7 5. e3 O-O 6. Bd3 d6 7. O-O Nc6 8. d5 Ne5
9. Be2 Nf7 10. Qc2 c5 11. Bd2 e5 12. dxe6 Bxe6 13. Rad1 a6 14. b3 Qe8 15. e4 b5
16. exf5 Bxf5 17. Bd3 b4 18. Rfe1 Qd8 19. Ne4 Bg4 20. Nxf6+ Qxf6 21. Be4 Rae8
22. h3 Bd7 23. Bd5 Kh8 24. Be3 Ne5 25. Nxe5 Rxe5 26. Re2 Rfe8 27. Rde1 Qe7 28.
Bf3 Bf5 29. Qd2 Be4 30. Bf4 Bxf3 31. Rxe5 dxe5 32. gxf3 Qf7 33. Qe3 Qf5 34. Kg2
h5 35. Bh2 Kh7 36. Qxc5 Qg5+ 37. Kf1 Qf5 38. Kg2 Qg5+ 39. Kf1 Qf5 40. Kg2 Qg5+
41. Kf1 Qf5 1/2-1/2

[Event "Xtracon Chess Open 2016"]
[Site "Helsingor DEN"]
[Date "2016.07.24"]
[Round "2.109"]
[White "Bremer, Erik"]
[Black "Nielsen, Jens Holm"]
[Result "1/2-1/2"]
[WhiteElo "1458"]
[BlackElo "1801"]
[WhiteFideId "1411578"]
[BlackFideId "1406051"]
[EventDate "2016.07.23"]

1. e4 d5 2. exd5 Qxd5 3. Nc3 Qd6 4. d4 Nf6 5. Nf3 a6 6. g3 g6 7. Bg2 Bg7 8. O-O
O-O 9. Bf4 Qd8 10. Ne5 c6 11. Re1 Re8 12. Ne2 Bf5 13. c3 Nbd7 14. Qb3 Nxe5 15.
Bxe5 Bc8 16. Nf4 Nd7 17. Bxg7 Kxg7 18. Nd3 e6 19. Nf4 Nf6 20. Nd3 Re7 21. Ne5
Rb8 22. Nxc6 bxc6 23. Qxb8 Rb7 24. Qf4 Nd5 25. Qd2 Qa5 26. Red1 Nf6 27. Bxc6 Re7
28. Bg2 Bb7 29. Bxb7 Rxb7 30. Qe2 h5 31. h4 g5 32. Qe5 Rb5 33. d5 gxh4 34. Qg5+
Kf8 35. Qxf6 hxg3 36. Qg5 gxf2+ 37. Kxf2 Rxb2+ 38. Rd2 Qxc3 39. Qd8+ Kg7 40.
Rg1+ Kh7 41. Rxb2 Qxb2+ 42. Ke1 Qc1+ 43. Kf2 Qd2+ 44. Kf1 Qd1+ 45. Kf2 Qd2+ 1/2-1/2

[Event "Xtracon Chess Open 2016"]
[Site "Helsingor DEN"]
[Date "2016.07.24"]
[Round "2.110"]
[White "Salerno, Christian"]
[Black "Shehzad, Shazil"]
[Result "1/2-1/2"]
[WhiteElo "2052"]
[BlackElo "1711"]
[WhiteFideId "1310810"]
[BlackFideId "1521942"]
[EventDate "2016.07.23"]

1. e4 c5 2. Nf3 d6 3. d4 cxd4 4. Nxd4 Nc6 5. Nc3 a6 6. Bc4 Nf6 7. Bb3 e5 8. Nf5
Bxf5 9. exf5 Nd4 10. g4 Qb6 11. O-O Qc6 12. f3 h5 13. Be3 Nxb3 14. axb3 hxg4 15.
Bg5 gxf3 16. Bxf6 gxf6 17. Qxf3 Qxf3 18. Rxf3 Rc8 19. Rd1 Rc6 20. Rf2 d5 21. Rg2
d4 22. Ne4 b5 23. c3 Bh6 24. Rg4 Bf4 25. h4 Ke7 26. Kg2 Rcc8 27. cxd4 Rc2+ 28.
Kf3 Rxb2 29. dxe5 fxe5 30. Nc5 Rc8 31. Rd7+ Kf8 32. f6 Bh6 1/2-1/2

[Event "Xtracon Chess Open 2016"]
[Site "Helsingor DEN"]
[Date "2016.07.24"]
[Round "2.111"]
[White "Bennett, Rhys"]
[Black "Nielsen, Morten"]
[Result "1/2-1/2"]
[WhiteElo "1711"]
[BlackElo "1965"]
[WhiteFideId "1802631"]
[BlackFideId "1404768"]
[EventDate "2016.07.23"]

1. e4 Nf6 2. e5 Nd5 3. d4 d6 4. c4 Nb6 5. exd6 exd6 6. Nc3 Nc6 7. Be3 Be7 8. Nf3
Bg4 9. h3 Bh5 10. g4 Bg6 11. d5 Nb4 12. Rc1 a5 13. Be2 Nd7 14. O-O O-O 15. a3
Na6 16. Nd4 Ndc5 17. f4 f5 18. g5 Be8 19. Nb3 b6 1/2-1/2

[Event "Xtracon Chess Open 2016"]
[Site "Helsingor DEN"]
[Date "2016.07.24"]
[Round "2.112"]
[White "Bratteteig, Tore-Inge"]
[Black "Choong, Liong-On Mark"]
[Result "1/2-1/2"]
[BlackTitle "CM"]
[WhiteElo "1710"]
[BlackElo "1944"]
[WhiteFideId "1510711"]
[BlackFideId "5806410"]
[EventDate "2016.07.23"]

1. Nf3 c5 2. c4 Nf6 3. Nc3 Nc6 4. g3 g6 5. Bg2 Bg7 6. O-O O-O 7. d4 cxd4 8. Nxd4
Re8 9. Nc2 a6 10. e4 d6 11. Bd2 Be6 12. Qe2 Rc8 13. Rac1 Nd7 14. b3 Nc5 15. b4
Nd7 16. Nd5 Nb6 17. Be3 Na4 18. Qd3 Ne5 19. Qb3 b5 20. cxb5 axb5 21. Nd4 Nc4 22.
Nxb5 Nxe3 23. Qxe3 Bxd5 24. exd5 1/2-1/2

[Event "Xtracon Chess Open 2016"]
[Site "Helsingor DEN"]
[Date "2016.07.24"]
[Round "2.113"]
[White "Holmstrom, Johan Ravnborg"]
[Black "Kristensen, Lars Ostergaard"]
[Result "1/2-1/2"]
[WhiteElo "1942"]
[BlackElo "1710"]
[WhiteFideId "1404903"]
[BlackFideId "1415018"]
[EventDate "2016.07.23"]

1. Nf3 d5 2. b3 Nf6 3. Bb2 g6 4. g3 Bg7 5. Bg2 O-O 6. O-O c5 7. d4 cxd4 8. Nxd4
e5 9. Nf3 e4 10. Nd4 Nc6 11. c4 dxc4 12. Nxc6 bxc6 13. bxc4 Qe7 14. e3 Rd8 15.
Qc2 Bf5 16. Nd2 Rd7 17. Nb3 c5 18. Rad1 Rad8 19. Rxd7 Rxd7 20. Ba3 Rc7 21. Rd1
Nd7 22. Qd2 Ne5 23. Qd8+ Bf8 24. Rd5 Nd3 1/2-1/2

[Event "Xtracon Chess Open 2016"]
[Site "Helsingor DEN"]
[Date "2016.07.24"]
[Round "2.114"]
[White "Skjolas, Erling Dyrhaug"]
[Black "Bluebaum, Johanna"]
[Result "1-0"]
[WhiteElo "1709"]
[BlackElo "1939"]
[WhiteFideId "1516175"]
[BlackFideId "24647373"]
[EventDate "2016.07.23"]

1. c4 Nf6 2. g3 c6 3. d4 d5 4. cxd5 cxd5 5. Bg2 e6 6. Nc3 Nc6 7. Nf3 Bd6 8. O-O
O-O 9. Bf4 Bxf4 10. gxf4 Ne4 11. Rc1 Qf6 12. e3 Nd6 13. Ne5 Qh6 14. Nxc6 bxc6
15. Na4 Bd7 16. Nc5 Be8 17. Qg4 Rb8 18. b3 f5 19. Qg5 Rf6 20. Nd3 Rg6 21. Qxh6
Rxh6 22. Ne5 Rb6 23. Rc2 Nf7 24. Nd3 Kf8 25. Rfc1 Ke7 26. Rc5 Kd6 27. Ra5 Rb7
28. Ra6 g5 29. fxg5 Nxg5 30. Ne5 Rc7 31. b4 Nh3+ 32. Bxh3 Rxh3 33. Kg2 Rh5 34.
Nxc6 Rg5+ 35. Kf1 Rxc6 36. Rcxc6+ Bxc6 37. b5 Rg7 38. Rxc6+ Kd7 39. Ra6 Kd8 40.
Rxe6 Rd7 41. Rf6 Ke7 42. Rxf5 Ke6 43. Rh5 Rc7 44. Rh6+ Kf5 45. Rc6 Rg7 46. a4
Ke4 47. Ke2 Rd7 48. Rf6 1-0

[Event "Xtracon Chess Open 2016"]
[Site "Helsingor DEN"]
[Date "2016.07.24"]
[Round "2.115"]
[White "McAndrew, Robert"]
[Black "Christiansen, Torsten Sundgaar"]
[Result "0-1"]
[WhiteElo "1939"]
[BlackElo "1708"]
[WhiteFideId "2404915"]
[BlackFideId "1419714"]
[EventDate "2016.07.23"]

1. d4 g6 2. Nf3 Nf6 3. Bf4 d5 4. h3 c6 5. c3 Nbd7 6. Nbd2 Bg7 7. e3 Qb6 8. Rb1
c5 9. Bd3 c4 10. Bc2 Qa5 11. a4 Nb6 12. O-O Bd7 13. Bc7 O-O 14. Ne5 Bxa4 15. Ra1
Bxc2 16. Qxc2 Qb5 17. Nef3 Rfc8 18. Bh2 a5 19. g4 h6 20. g5 hxg5 21. Nxg5 Qd7
22. Kg2 Bh6 23. Ndf3 Qf5 24. Qxf5 gxf5 25. Rg1 Ne4 26. Kf1 Kf8 27. Nh7+ Ke8 28.
Ne5 e6 29. f3 Nd6 30. Ke2 Ke7 31. Bg3 Nd7 32. Bh4+ f6 33. Nxd7 Kxd7 34. Bxf6 Rg8
35. Be5 Rxg1 36. Rxg1 a4 37. Rg6 Bf8 38. Rg8 a3 39. bxa3 Rxa3 40. Rxf8 Ra2+ 41.
Ke1 Nb5 42. Rb8 Nxc3 43. Rxb7+ Kc6 44. Rc7+ Kb6 45. Nf6 Re2+ 46. Kf1 Rxe3 47.
Kg2 Rxe5 48. dxe5 Kxc7 49. h4 Kd8 50. Kf2 d4 51. Nh5 Nd5 52. Ng3 Ke7 53. h5 Kf7
54. Ke2 Nf4+ 55. Kd2 Kg7 0-1

[Event "Xtracon Chess Open 2016"]
[Site "Helsingor DEN"]
[Date "2016.07.24"]
[Round "2.116"]
[White "Petersen, Jan"]
[Black "Nielsen, Carsten Juul"]
[Result "0-1"]
[WhiteElo "1694"]
[BlackElo "1939"]
[WhiteFideId "1426320"]
[BlackFideId "1402242"]
[EventDate "2016.07.23"]

1. d4 Nf6 2. c4 e6 3. Nf3 b6 4. Nbd2 Bb7 5. Qc2 d5 6. e3 Nbd7 7. Bd3 Be7 8. O-O
O-O 9. Re1 Rc8 10. e4 dxe4 11. Nxe4 Nxe4 12. Bxe4 Bxe4 13. Qxe4 Re8 14. Be3 c5
15. d5 Nf6 16. Qd3 exd5 17. cxd5 Qxd5 18. Qxd5 Nxd5 19. a3 Bf6 20. Rab1 Nxe3 21.
fxe3 Re4 22. Re2 Rd8 23. Kf2 Kf8 24. h3 Re6 25. e4 Bd4+ 26. Nxd4 Rxd4 27. Rbe1
Re5 28. Kf3 f6 29. Rc1 Rd3+ 30. Kf2 Kf7 31. Rcc2 b5 32. Rc3 Rd4 33. Kf3 c4 34.
b3 Rc5 35. Rec2 cxb3 36. Rxc5 bxc2 37. Rxc2 Rd3+ 38. Kg4 Rxa3 39. h4 g6 40. Rc7+
Kg8 41. Rb7 h5+ 42. Kf4 a6 43. Rb8+ Kg7 44. Rb7+ Kf8 45. Rb8+ Ke7 46. Rb7+ Ke8
47. Rb8+ Kd7 48. Rg8 g5+ 49. hxg5 fxg5+ 50. Rxg5 b4 51. Rxh5 b3 52. Rh1 b2 53.
Rb1 Rb3 54. g4 a5 55. g5 Ke7 56. Ke5 a4 57. g6 Rb5+ 58. Kf4 a3 59. g7 Kf7 60. e5
a2 0-1